Private foreign investment in development

Gespeichert in:
Bibliographische Detailangaben
1. Verfasser: Reuber, Grant L.
Format: Buch
Sprache:Undetermined
Veröffentlicht: Oxford Clarendon Press 1973
Schlagworte:
Tags: Tag hinzufügen
Keine Tags, Fügen Sie den ersten Tag hinzu!
Thư viện lưu trữ: Trung tâm Học liệu Trường Đại học Cần Thơ
LEADER 00538nam a2200181Ia 4500
001 CTU_82339
008 210402s9999 xx 000 0 und d
082 |a 332.6 
082 |b R442 
100 |a Reuber, Grant L. 
245 0 |a Private foreign investment in development 
245 0 |c Grant L. Reuber, H. Crookell, M. Emerson, G. Gallais-Hamonno 
260 |a Oxford 
260 |b Clarendon Press 
260 |c 1973 
650 |a Investments, foreign 
904 |i Trọng hải 
980 |a Trung tâm Học liệu Trường Đại học Cần Thơ